| 000 | 00563nam a2200181Ia 4500 | ||
|---|---|---|---|
| 008 | 100920s9999 xx 000 0 und d | ||
| 082 |
_b1450 _a6 थ 69 |
||
| 100 | _aPENDSE NARAYAN SHRIPAD / Translated by-RAESIDE IAN. | ||
| 245 | _aWild Bapu of Garambi Garambica Bapu. | ||
| 260 |
_bSAHITYA AKADEMI, NEW DELHI. _c1969 |
||
| 300 |
_a256 _bसाधी |
||
| 365 | _b7 | ||
| 520 | _aई.एल. एफ. | ||
| 630 | _aWild Bapu of Garambi Garambica Bapu. | ||
| 650 | _aई.एल. एफ. | ||
| 730 | _aWild Bapu of Garambi Garambica Bapu. | ||
| 942 | _cBOOK | ||
| 999 |
_c672310 _d672307 |
||